|
|
|
|
| LEADER |
00000nam0a2200000 4500 |
| 001 |
74143 |
| 005 |
20231031084939.0 |
| 035 |
|
|
|a (RuTPU)RU\TPU\book\79078
|
| 090 |
|
|
|a 74143
|
| 100 |
|
|
|a 20050301d1976 m y0rusy50 ca
|
| 101 |
0 |
|
|a rus
|
| 102 |
|
|
|a RU
|
| 105 |
|
|
|a a z 001zy
|
| 200 |
1 |
|
|a Техническая диагностика цифровых устройств
|f Р. С. Гольдман, В. П. Чипулис
|
| 210 |
|
|
|a Москва
|c Энергия
|d 1976
|
| 215 |
|
|
|a 224 с.
|c ил.
|
| 320 |
|
|
|a Список литературы: с. 217-222
|
| 610 |
1 |
|
|a цифровые устройства
|
| 610 |
1 |
|
|a техническая диагностика
|
| 610 |
1 |
|
|a логические схемы
|
| 610 |
1 |
|
|a цифровые вычислительные машины
|
| 610 |
1 |
|
|a контроль
|
| 610 |
1 |
|
|a неисправности
|
| 675 |
|
|
|a 681.326.7
|v 3
|
| 700 |
|
1 |
|a Гольдман
|b Р. С.
|g Рафаил Семенович
|
| 701 |
|
1 |
|a Чипулис
|b В. П.
|g Валерий Павлович
|
| 801 |
|
1 |
|a RU
|b 63413507
|c 20050301
|g PSBO
|
| 801 |
|
2 |
|a RU
|b 63413507
|c 20210131
|g PSBO
|
| 942 |
|
|
|c BK
|